| 000 | 00614nam a2200181 a 4500 | ||
|---|---|---|---|
| 005 | 20140412111230.0 | ||
| 008 | 020411s19uu xx 00 eng d | ||
| 020 | _a1-56987-171-X | ||
| 050 |
_aER _bLe46 1994 |
||
| 245 | _aLenny the liner. | ||
| 260 |
_aAshland, Ohio : _bLandoll, _c1994. |
||
| 300 | _a1 v. (unp.) ; ill. | ||
| 440 | _aA Hear My Sound Board Book! | ||
| 520 | _aLenny the Liner blows his horn as he sets out for the day. The smaller boats are relieved to hear his horn as he makes sure the harbor is safe. | ||
| 650 |
_aTransportation _xFiction |
||
| 650 |
_aBoats _xFiction |
||
| 999 |
_c102144 _d102144 |
||